| 000 | 00641nam a22002417a 4500 | ||
|---|---|---|---|
| 003 | UA-OsUOA | ||
| 001 | 26428 | ||
| 007 | ta | ||
| 008 | 20040601b un ||||| |||| 00| 0 ukr d | ||
| 100 | _aБажан В.В. | ||
| 090 |
_a53 _bБ16 |
||
| 942 | _cBK | ||
| 040 |
_aUA-OsUOA _brus _cUA-OsUOA _dUA-OsUOA |
||
| 245 | _aДиалектический материализм и проблема реальности в современной физике | ||
| 300 | _a352 с. | ||
| 955 | _a0 | ||
| 041 | _arus | ||
| 080 | _a53 | ||
| 260 |
_aКиев _bНаукова Думка _c1974 |
||
| 044 | _aRU | ||
| 650 | 7 | _2UDC | |
| 999 |
_c312751 _d312751 |
||